Statistics for 澳门行政区划

Click here to take the quiz!

General Stats

  • This quiz has been taken 308 times
  • The average score is 5 of 8

Answers on the Map

Answers color-coded by a green-red scale on the quiz's map according to % correct below.
 

Answer Stats

Answer% Correct
嘉模堂区
87%
圣方济各堂区
83%
花地玛堂区
64%
大堂区
(主教座堂区)
54%
路氹城
51%
风顺堂区
(圣老愣座堂区)
45%
圣安多尼堂区
(花王堂区)
40%
望德堂区
31%

Score Distribution

Percentile by Number Answered

Percent of People with Each Score

Your Score History

You have not taken this quiz